[Event "Florianopolis op-B 04"]
[Site "Florianopolis"]
[Date "2023.04.28"]
[Round "1"]
[White "Do Vale Silva, Luis R Pereira"]
[Black "Gomes, Joao Paulo Santos"]
[Result "0-1"]
[WhiteElo "1800"]
[BlackElo "1491"]
[PlyCount "84"]
[EventDate "2023.04.28"]
[EventType "swiss"]
[EventRounds "6"]
[EventCountry "BRA"]
[SourceTitle "CBM 214 Extra"]
[Source "ChessBase"]
[SourceDate "2023.07.31"]
[SourceVersion "1"]
[SourceVersionDate "2023.07.31"]
[SourceQuality "1"]

1. c4 Nf6 2. Nc3 g6 3. Nf3 Bg7 4. g3 0-0 5. Bg2 d6 6. 0-0 e5 7. d3 Nc6 8. Bg5 h6 9. Bxf6 Bxf6 10. Nd5 Bg7 11. b4 e4 12. dxe4 Bxa1 13. Qxa1 f5 14. Nh4 Kh7 15. b5 Ne5 16. f4 Ng4 17. exf5 Bxf5 18. h3 Nf6 19. Nxf5 gxf5 20. Nxf6+ Rxf6 21. Bxb7 Rb8 22. Bf3 Rg6 23. Kf2 Qg8 24. Bd5 Qf8 25. Qd4 Qg7 26. Qxg7+ Rxg7 27. Kf3 Re8 28. e4 fxe4+ 29. Bxe4+ Kh8 30. Bc6 Ree7 31. Rf2 Re1 32. Re2 Rxe2 33. Kxe2 Rxg3 34. a4 Rxh3 35. a5 Kg7 36. Bf3 Kf6 37. Ke3 h5 38. Ke4 h4 39. f5 Rxf3 40. Kxf3 Kxf5 41. a6 h3 42. Kg3 Ke4 0-1